• 首页
  • 本馆介绍
  • 公告通知
  • 最新文献
  • 馆藏检索
  • 电子资源
  • 读者导购
  • 参考咨询
  • 我的图书馆
  • 登录
  • 详细信息显示
  • 放入我的书架
  • 预约/预借图书
  • 作者相关作品
  • 分类相关作品
  • 丛书相关作品
  • 出版社相关作品

书目信息

  • 表格格式
  • 工作单格式
  • 卡片格式
题名:
一氓题跋
    
 
作者: 李一氓 著
分册:  
出版信息: 北京   三联书店  1981
页数: 325页
开本: 21cm
丛书名:
单 册:
中图分类: G256.4
科图分类:
主题词: 题跋-写作 , 写作-题跋
电子资源:
ISBN:
000 00623nam0 2200241 45
001 0181007716
005 20060808164739.45
010    @dCNY1.20
091    @a7002.22
100    @a19950221d1981 em y0chiy0121 ea
101 0  @achi
102    @aCN@b110000
105    @ac z 000yy
200 10 @a一氓题跋@Ayi meng ti ba@f李一氓著@Fli yi mang zhu
210    @a北京@c三联书店@d1981
215    @a325页@c照片@d21cm
606    @a题跋-写作
606    @a写作-题跋
690    @aG256.4@v3
701  0 @a李一氓@Ali yi meng@4著
801  0 @aCN@b上海图书馆@c20060808
801  2 @aCN@bNLC@c20060112
905    @f1@b50866@dG256.4@e64
    
    一氓题跋/李一氓著.-北京:三联书店,1981
    325页:照片;21cm
    
    
    ISBN :CNY1.20
    
●
相关链接 在E读中查询图书 在五车中查询图书 在当当中查询图书 在豆瓣中查询图书


正题名:一氓题跋     索取号:G256.4/64         预约/预借

序号 登录号 条形码 馆藏地/架位号 状态 备注
1 0050866   000213487   第一样本阅览室/ [索取号:G256.4/64] 在馆    
2 0050867   202173940   密集书库/ [索取号:G256.4/64] 在馆    
3 0447211   204472114   密集书库/ [索取号:G256.4/64] 在馆    
唐山师范学院图书馆 欢迎您!
大连网信软件有限公司© 版权所有